01084nab a22002057a 4500003000400000005001700004008004100021040000700062100002200069245011600091260007200207300001300279500003900292505024400331505008900575650002000664650003300684650002800717773013300745OSt20260109234119.0190605e xxu||||| |||| 00| 0 spa d cPJ aBes, E. Damián 10aSobre la IA fuerte, sus desafíos y aplicación en el mundo laboral /cE. Damián Bes, Iván G. Lupinacci.  aCiudad Autónoma de Buenos Aires :bThomson Reuters La Ley,c2023. ap. 92-99 aCita: TR LALEY AR/DOC/1344/2023.  aSumario: I. Introducción.— II. Inteligencia artificial.— III. De advertencias, preocupaciones genuinas e intereses ocultos.— IV. La IA en el derecho del trabajo.— V. La necesidad urgente de una regulación.— VI. Conclusión.  t¿Te interesa el texto completo? Solicitalo al correo: koha@justierradelfuego.gov.ar 0aDERECHO LABORAL 0aTECNOLOGIA DE LA INFORMACION 0aINTELIGENCIA ARTIFICIAL0 02711dCiudad Autónoma de Buenos Aires : Thomson Reuters La Ley, 1999-2002.tRevista de derecho del trabajo. Nº 4 - Julio 2023